La Participación política de las mujeres: un análisis del origen del sistema de dominación patriarcal /

Salvato in:
Dettagli Bibliografici
Autore principale: Rodríguez Fernández, Cecilia
Natura: testo
Soggetti:
Tags: Aggiungi Tag
Nessun Tag, puoi essere il primo ad aggiungerne!!

MARC

LEADER 00000 a a2200000 04500
001 17114
003
040
100 |a Rodríguez Fernández, Cecilia  
245 |a La Participación política de las mujeres:   |b un análisis del origen del sistema de dominación patriarcal /  |c Cecilia Rodríguez Fernández 
650 |a PARTICIPACION POLITICA  
650 |a MUJERES  
650 |a DEMOCRACIA  
650 |a ANALISIS HISTORICO  
650 |a DERECHOS DE LA MUJER  
650 |a SOCIEDAD  
650 |a JUSTICIA SOCIAL  
650 |a ESTADO  
650 |a MARCO INSTITUCIONAL  
650 |a LEGISLACION  
650 |a ROL DE LA MUJER  
773 |g volumen 7, número 1; páginas 123-136  
999 |c 38373  |d 38373